000 00338 a2200133 4500
000 nam a22 7a 4500
100 _aSingh,Mohini
110 _aSingh,Mohini
245 _aHealth and Longevity Through Ayurveda, Yoga and Nature Cure
250 _alatest edition
260 _bOxford
_c2025
264 _bOxford
_c2025
942 _cBK
999 _c396239
_d396239